| 000 | 01039nab a22002297a 4500 | ||
|---|---|---|---|
| 999 |
_c5449 _d5449 |
||
| 003 | OSt | ||
| 005 | 20251123203954.0 | ||
| 008 | 190603e xxum|||| |||| 00| 0 spa d | ||
| 040 | _cPJ | ||
| 100 |
_94387 _aOlmo, Juan Pablo |
||
| 245 | 1 | 0 |
_aResponsabilidad parental y discapacidad / _cJuan Pablo Olmo. |
| 260 |
_cCiudad Autónoma de Buenos Aires : _aThomson Reuters La Ley, _b2025. |
||
| 300 | _ap. 41-43 | ||
| 500 | _aCita Online: TR LALEY AR/DOC/427/2025. | ||
| 505 | _aSumario: I. Introducción.— II. Encuadre legal del ejercicio de la responsabilidad parental.— III. Algunas propuestas interpretativas.— IV. Palabras de cierre. | ||
| 505 | _t¿Te interesa el texto completo? Solicitalo al correo: koha@justierradelfuego.gov.ar | ||
| 650 | 0 |
_91015 _aRESPONSABILIDAD PARENTAL |
|
| 650 | 0 |
_93271 _aPERSONAS CON DISCAPACIDAD |
|
| 650 | 0 |
_91272 _aSALUD MENTAL |
|
| 773 | 0 |
_02713 _93170 _dCiudad Autónoma de Buenos Aires : Thomson Reuters La Ley, 2015- _tRevista Código Civil y Comercial. Nº 2 - Abril 2025 |
|
| 942 |
_2udc _cANA |
||